00277nam a2200109Ia 4500008004100000100001400041245004600055260003000101650001200131942000700143999001700150190216s9999||||xx |||||||||||||| ||und|| aGoula K L 4aThe Pakisthan Spy And Other Famous Trials bHind Pocket Books Pvt Ltd aEnglish cBK c12169d12169